000 00379nam a2200109Ia 4500
008 160909s9999 xx 000 0 und d
100 _aMengesha, Toia Thompson
245 4 _aThe major supporting mechanisms for successful single working mothers
260 _bPepperdine University.
_c2016
650 _aMASS COM
856 _uhttp://pqdtopen.proquest.com/doc/1786672492.html?FMT=ABS
999 _c304273
_d304273